French Ligue 1 Teams Quiz - Statistics

General Stats
  • This quiz has been taken 87 times
  • The average score is 13 of 20
Answer Stats
Team % Correct
Paris Saint Germain
100%
Lyon
92%
Olympique de Marseille
90%
Lille
86%
Monaco
83%
Bordeaux
77%
Nantes
77%
Nice
77%
Toulouse
76%
Montpellier
70%
Saint-Éttiene
68%
RC Strasbourg
65%
Rennes
63%
Dijon
54%
Caen
51%
Amiens
45%
Guingamp
45%
Metz
45%
Angers
44%
Troyes
37%
No matching quizzes found
Score Distribution
Percent of People with Each Score
Percentile by Number Answered
Your Score History
You have not taken this quiz